[Event "Euskadi-ch"]
[Site "Getxo"]
[Date "2023.04.15"]
[Round "6.1"]
[White "Barbazan Bilbao, Xabier"]
[Black "Argandona Riveiro, Inigo"]
[Result "0-1"]
[WhiteElo "2150"]
[BlackElo "2355"]
[PlyCount "76"]
[EventDate "2023.04.12"]
[EventType "swiss"]
[EventRounds "7"]
[EventCountry "ESP"]
[SourceTitle "EXT 2024"]
[Source "ChessBase"]
[SourceDate "2023.10.10"]
[SourceVersion "1"]
[SourceVersionDate "2023.10.10"]
[SourceQuality "1"]

1. e4 e5 2. Nf3 Nf6 3. Nxe5 d6 4. Nf3 Nxe4 5. d4 d5 6. Bd3 Bd6 7. 0-0 0-0 8. c4 c6 9. Qc2 Nf6 10. Bg5 h6 11. Bh4 Be6 12. c5 Be7 13. Nc3 Nh5 14. Bxe7 Qxe7 15. g3 Na6 16. a3 Qf6 17. Bxa6 bxa6 18. Ne5 Bh3 19. Qe2 Bxf1 20. Rxf1 g6 21. Qxa6 Rfc8 22. b4 Qf5 23. Nxc6 Re8 24. Qb7 Kg7 25. Ne5 Rxe5 26. dxe5 Nf4 27. Nxd5 Nh3+ 28. Kg2 Rd8 29. Ne3 Qe6 30. Qe4 Ng5 31. Qf4 Qc6+ 32. f3 Rd2+ 33. Kh1 Qd7 34. Ng4 Qd3 35. Rg1 h5 36. Ne3 Qe2 37. Ng2 Nh3 38. Qf6+ Kg8 0-1

[Event "Oviedo op 8th"]
[Site "Oviedo"]
[Date "2022.07.18"]
[Round "2"]
[White "Galperin, Platon"]
[Black "Barbazan Bilbao, Xabier"]
[Result "1-0"]
[WhiteElo "2518"]
[BlackElo "2162"]
[PlyCount "51"]
[EventDate "2022.07.17"]
[EventType "swiss"]
[EventRounds "9"]
[EventCountry "ESP"]
[SourceTitle "CBM 209 Extra"]
[Source "ChessBase"]
[SourceDate "2022.09.30"]
[SourceVersion "1"]
[SourceVersionDate "2022.09.30"]
[SourceQuality "1"]

1. d3 g6 2. f4 Bg7 3. Nf3 d5 4. g3 Nh6 5. Bg2 d4 6. c3 Nc6 7. 0-0 Nf5 8. cxd4 Ncxd4 9. Ne5 0-0 10. e3 Ne6 11. d4 h5 12. Nc3 c6 13. Qe1 a5 14. b3 Qc7 15. Bb2 Bd7 16. Rc1 Be8 17. h3 Rd8 18. Ba3 Qb6 19. Ne4 a4 20. bxa4 Qa6 21. a5 Nd6 22. Rb1 f6 23. Rb6 Qa7 24. Nd3 Bd7 25. Nec5 Nxc5 26. Nxc5 1-0

[Event "Andorra op 37th"]
[Site "Escaldes"]
[Date "2019.07.30"]
[Round "4"]
[White "Barbazan Bilbao, Xabier"]
[Black "Suarez Uriel, Adrian"]
[Result "0-1"]
[WhiteElo "2140"]
[BlackElo "2392"]
[PlyCount "47"]
[EventDate "2019.07.27"]
[EventType "swiss"]
[EventRounds "9"]
[EventCountry "AND"]
[SourceTitle "CBM 191 Extra"]
[Source "ChessBase"]
[SourceDate "2019.09.30"]
[SourceVersion "1"]
[SourceVersionDate "2019.09.30"]
[SourceQuality "1"]

1. e4 c5 2. Nf3 Nc6 3. d4 cxd4 4. Nxd4 g6 5. Nc3 Bg7 6. Nde2 Nf6 7. g3 b5 8. Bg2 Rb8 9. 0-0 0-0 10. Nd5 d6 11. Bg5 Nd7 12. Qc1 Re8 13. Rd1 Nb6 14. c3 Ba6 15. Nxb6 Qxb6 16. Nf4 e6 17. Rxd6 Qc7 18. Qd2 h6 19. e5 Nxe5 20. Rxa6 hxg5 21. Nh3 g4 22. Nf4 Red8 23. Qe3 Rd7 24. a4 0-1

[Event "Basque-ch"]
[Site "Getxo"]
[Date "2019.04.27"]
[Round "6"]
[White "Barbazan Bilbao, Xabier"]
[Black "Narciso Dublan, Marc"]
[Result "0-1"]
[WhiteElo "2094"]
[BlackElo "2491"]
[PlyCount "64"]
[EventDate "2019.04.22"]
[EventType "swiss"]
[EventRounds "7"]
[EventCountry "ESP"]
[SourceTitle "CBM 190 Extra"]
[Source "ChessBase"]
[SourceDate "2019.07.15"]
[SourceVersion "1"]
[SourceVersionDate "2019.07.15"]
[SourceQuality "1"]

1. e4 c6 2. d4 d5 3. Nc3 dxe4 4. Nxe4 Bf5 5. Ng3 Bg6 6. h4 h6 7. Nf3 Nd7 8. h5 Bh7 9. Bd3 Bxd3 10. Qxd3 e6 11. Bd2 Ngf6 12. 0-0-0 Be7 13. Ne4 Nxe4 14. Qxe4 Nf6 15. Qe2 Qd5 16. c4 Qe4 17. Qxe4 Nxe4 18. Be3 f5 19. Nd2 Nf6 20. Nf3 Bd6 21. Ne5 0-0 22. Ng6 Rfe8 23. f3 b5 24. b3 bxc4 25. bxc4 Rab8 26. c5 Bc7 27. Bf4 Bxf4+ 28. Nxf4 e5 29. Ng6 exd4 30. Rxd4 Nd5 31. Ra4 Nc3 32. Rxa7 Re2 0-1

[Event "Basque-ch"]
[Site "Getxo"]
[Date "2019.04.26"]
[Round "5"]
[White "Urriza Iricibar, Pablo"]
[Black "Barbazan Bilbao, Xabier"]
[Result "0-1"]
[WhiteElo "2301"]
[BlackElo "2094"]
[PlyCount "82"]
[EventDate "2019.04.22"]
[EventType "swiss"]
[EventRounds "7"]
[EventCountry "ESP"]
[SourceTitle "CBM 190 Extra"]
[Source "ChessBase"]
[SourceDate "2019.07.15"]
[SourceVersion "1"]
[SourceVersionDate "2019.07.15"]
[SourceQuality "1"]

1. e4 c5 2. Nc3 Nc6 3. g3 g6 4. Bg2 Bg7 5. d3 d6 6. Be3 Rb8 7. Qd2 b5 8. Nge2 b4 9. Nd1 Nd4 10. 0-0 e6 11. a3 b3 12. c3 Nc2 13. Rc1 Nxe3 14. Nxe3 Ne7 15. f4 0-0 16. g4 f5 17. h3 Bd7 18. Rce1 Kh8 19. Kh1 Qc7 20. gxf5 exf5 21. Ng1 Rbe8 22. Rf2 Bf6 23. Nf3 Bc6 24. Nc4 fxe4 25. dxe4 d5 26. exd5 Bxd5 27. Rxe7 Rxe7 28. Nfe5 Bxc4 29. Nxc4 Bh4 30. Rf1 Rd8 31. Qc1 Qd7 32. Ne5 Qd2 33. Nc6 Re2 34. Nxd8 Rxg2 35. Qxd2 Rxd2 36. Ne6 Rxb2 37. Nxc5 Be7 38. Ne6 Ra2 39. Nd4 b2 40. Nc2 Bf6 41. Rb1 Bxc3 0-1

[Event "Basque-ch"]
[Site "Getxo"]
[Date "2019.04.25"]
[Round "4"]
[White "Barbazan Bilbao, Xabier"]
[Black "Munoz Avila, Jose Luis"]
[Result "1-0"]
[WhiteElo "2094"]
[BlackElo "2146"]
[PlyCount "91"]
[EventDate "2019.04.22"]
[EventType "swiss"]
[EventRounds "7"]
[EventCountry "ESP"]
[SourceTitle "CBM 190 Extra"]
[Source "ChessBase"]
[SourceDate "2019.07.15"]
[SourceVersion "1"]
[SourceVersionDate "2019.07.15"]
[SourceQuality "1"]

1. d4 d5 2. c4 e6 3. Nc3 Be7 4. cxd5 exd5 5. Bf4 c6 6. e3 Bf5 7. Nge2 Nd7 8. Ng3 Bg6 9. Rc1 Qb6 10. Qd2 Ngf6 11. Be2 0-0 12. 0-0 Rfe8 13. Na4 Qd8 14. b4 b5 15. Rxc6 bxa4 16. Bc7 Bxb4 17. Qxb4 Qe7 18. Bd6 Qd8 19. Rfc1 Nb8 20. Rc7 a5 21. Qb7 Nbd7 22. R7c6 h5 23. Bb5 a3 24. Ba4 h4 25. Ne2 Bd3 26. Nf4 Bc4 27. Bxa3 Rb8 28. Qc7 Nb6 29. Bb3 Qxc7 30. Rxc7 a4 31. Bxc4 Nxc4 32. Be7 g5 33. Nd3 Ne4 34. f3 Ned6 35. Bxg5 Nxe3 36. Bxh4 Nb5 37. Re7 Nxd4 38. Re1 Rxe7 39. Bxe7 Nec2 40. Re5 Rb1+ 41. Kf2 Ra1 42. Bf6 Rd1 43. Rh5 Rd2+ 44. Kg3 Ne2+ 45. Kh3 Ng1+ 46. Kh4 1-0

[Event "Getxo op 3rd"]
[Site "Getxo"]
[Date "2018.09.10"]
[Round "4"]
[White "Jimenez Almeida, Luis David"]
[Black "Barbazan Bilbao, Xabier"]
[Result "1-0"]
[WhiteElo "2237"]
[BlackElo "2071"]
[PlyCount "37"]
[EventDate "2018.09.08"]
[EventType "swiss"]
[EventRounds "9"]
[EventCountry "ESP"]
[SourceTitle "EXT 2020"]
[Source "ChessBase"]
[SourceDate "2019.10.17"]
[SourceVersion "1"]
[SourceVersionDate "2019.10.17"]
[SourceQuality "1"]

1. g3 c5 2. Bg2 Nc6 3. c4 g6 4. Nc3 Bg7 5. Nf3 Nh6 6. 0-0 0-0 7. a3 e6 8. b4 d6 9. Rb1 Nf5 10. Bb2 b6 11. bxc5 dxc5 12. Ne4 Qc7 13. Bxg7 Kxg7 14. Qc1 Bd7 15. Qb2+ f6 16. e3 Rac8 17. g4 Nd6 18. Nxf6 Nxc4 19. Nh5+ 1-0

[Event "Euskadi-chT (Vasca) Div Honor"]
[Site "Bergara"]
[Date "2018.02.10"]
[Round "5.5"]
[White "Barbazan Bilbao, Xabier"]
[Black "Lizuain Toni, Javier"]
[Result "1-0"]
[WhiteElo "2036"]
[BlackElo "1947"]
[PlyCount "73"]
[EventDate "2018.01.13"]
[EventType "team-tourn"]
[EventRounds "9"]
[EventCountry "ESP"]
[SourceTitle "EXT 2020"]
[Source "ChessBase"]
[SourceDate "2019.10.17"]
[SourceVersion "1"]
[SourceVersionDate "2019.10.17"]
[SourceQuality "1"]
[WhiteTeam "Altzaga/Zaldunak"]
[BlackTeam "San Juan"]
[WhiteTeamCountry "ESP"]
[BlackTeamCountry "ESP"]

1. d4 Nf6 2. c4 g6 3. Nc3 d5 4. Bf4 c6 5. e3 Bg7 6. Rc1 Qa5 7. Nf3 0-0 8. Bd3 c5 9. 0-0 cxd4 10. exd4 Nc6 11. Nb5 a6 12. Bc7 Qxa2 13. Ra1 axb5 14. Rxa2 Rxa2 15. cxb5 Nd8 16. Qb3 Ra8 17. Be5 Ne6 18. h3 Rd8 19. Qb4 Kf8 20. Bc2 b6 21. Bb3 Bb7 22. Rc1 Ke8 23. Ne1 Bh6 24. Rd1 Ne4 25. Nd3 Nd6 26. Bxd6 Rxd6 27. Ne5 Nf4 28. Kh2 Ne6 29. g3 Ng5 30. h4 Ne4 31. f3 Nf6 32. Re1 Re6 33. Nc6 Rxe1 34. Qxe1 e6 35. Qe5 Nd7 36. Qc7 Bc8 37. Qd8# 1-0

[Event "Euskadi-chT (Vasca) Div Honor"]
[Site "Bergara"]
[Date "2018.01.27"]
[Round "3.4"]
[White "Barbazan Bilbao, Xabier"]
[Black "Pastor Pons, Carlos Luis"]
[Result "0-1"]
[WhiteElo "2036"]
[BlackElo "2136"]
[PlyCount "90"]
[EventDate "2018.01.13"]
[EventType "team-tourn"]
[EventRounds "9"]
[EventCountry "ESP"]
[SourceTitle "EXT 2020"]
[Source "ChessBase"]
[SourceDate "2019.10.17"]
[SourceVersion "1"]
[SourceVersionDate "2019.10.17"]
[SourceQuality "1"]
[WhiteTeam "Altzaga/Zaldunak"]
[BlackTeam "Calasanz"]
[WhiteTeamCountry "ESP"]
[BlackTeamCountry "ESP"]

1. d4 Nf6 2. c4 g6 3. Nc3 Bg7 4. e4 d6 5. Be2 0-0 6. Nf3 Na6 7. 0-0 e5 8. Be3 Ng4 9. Bg5 Qe8 10. h3 f6 11. Bc1 Nh6 12. Be3 c6 13. dxe5 dxe5 14. c5 f5 15. Bxh6 Bxh6 16. Bxa6 bxa6 17. exf5 gxf5 18. Qd6 Bg7 19. Rfe1 e4 20. Rad1 Rf6 21. Qc7 Rf7 22. Qa5 Rd7 23. Nd2 Qd8 24. Nc4 Qxa5 25. Nxa5 Rb8 26. Nxc6 Rxb2 27. Nd5 Kf7 28. Ncb4 a5 29. c6 Rd6 30. Nd3 Rxa2 31. N3f4 Rxc6 32. f3 Rc4 33. fxe4 Rxe4 34. Rf1 Ba6 35. Rf3 Rea4 36. Re3 Re4 37. Rf3 Ra1 38. Rxa1 Bxa1 39. Ra3 Bd4+ 40. Kh2 a4 41. Nd3 Bxd3 42. Rxd3 Be5+ 43. Kg1 Rd4 44. Rxd4 Bxd4+ 45. Kf1 a5 0-1

[Event "Thessaloniki Triandria op 10th"]
[Site "Thessaloniki"]
[Date "2017.04.22"]
[Round "8"]
[White "Barbazan Bilbao, Xabier"]
[Black "Grigoriadis, Mihail"]
[Result "0-1"]
[WhiteElo "2038"]
[BlackElo "2097"]
[PlyCount "76"]
[EventDate "2017.04.17"]
[EventType "swiss"]
[EventRounds "9"]
[EventCountry "GRE"]
[SourceTitle "CBM 178 Extra"]
[Source "ChessBase"]
[SourceDate "2017.06.22"]
[SourceVersion "1"]
[SourceVersionDate "2017.06.22"]
[SourceQuality "1"]

1. d4 Nf6 2. c4 g6 3. Nc3 Bg7 4. e4 d6 5. Be2 0-0 6. Nf3 e5 7. Be3 Ng4 8. Bg5 f6 9. Bc1 Nh6 10. dxe5 fxe5 11. Bg5 Qd7 12. Qd2 Nf7 13. Be3 Na6 14. 0-0-0 Qe8 15. h4 h6 16. h5 g5 17. Nh2 Nd8 18. Bg4 Bxg4 19. Nxg4 Ne6 20. g3 Nd4 21. f4 Qe6 22. f5 Qxc4 23. f6 Bxf6 24. Nxh6+ Kh7 25. Ng4 Nb4 26. Kb1 Nb5 27. Ka1 Be7 28. Qe2 Qxe2 29. Nxe2 Rf3 30. Kb1 c5 31. Bxc5 dxc5 32. Nxe5 Re3 33. Rd7 Re8 34. Ng4 Rf3 35. Rxb7 Nd6 36. Rxa7 Nxe4 37. Ne5 Re3 38. Ng4 Rxe2 0-1

[Event "Euskadi-chT (Vasca) Div Honor"]
[Site "Bergara"]
[Date "2017.01.28"]
[Round "3.2"]
[White "Arnaez Gil, Juan Ignacio"]
[Black "Barbazan Bilbao, Xabier"]
[Result "1/2-1/2"]
[WhiteElo "2197"]
[BlackElo "2028"]
[PlyCount "62"]
[EventDate "2017.01.14"]
[EventType "team-tourn"]
[EventRounds "9"]
[EventCountry "ESP"]
[SourceTitle "EXT 2024"]
[Source "ChessBase"]
[SourceDate "2023.10.10"]
[SourceVersion "1"]
[SourceVersionDate "2023.10.10"]
[SourceQuality "1"]

1. Nf3 Nf6 2. c4 e6 3. g3 d5 4. Bg2 Be7 5. d4 0-0 6. 0-0 dxc4 7. Qc2 a6 8. Qxc4 b5 9. Qc2 Bb7 10. Bd2 Be4 11. Qc1 Nbd7 12. Ba5 Rc8 13. Nbd2 Bb7 14. Qc2 Qe8 15. b4 Bd6 16. e4 e5 17. dxe5 Nxe5 18. Nxe5 Qxe5 19. f4 Qd4+ 20. Kh1 Ng4 21. Nb3 Qc4 22. Qxc4 bxc4 23. Nc5 Bxc5 24. bxc5 Ne3 25. Rfb1 Bc6 26. Rb2 Nxg2 27. Kxg2 Bxe4+ 28. Kf2 Rfd8 29. Rc1 f5 30. Rxc4 Rd1 31. Ke2 Rh1 1/2-1/2

[Event "Euskadi-chT (Vasca) Div 1st"]
[Site "Bergara"]
[Date "2015.01.31"]
[Round "4.1"]
[White "Barbazan Bilbao, Xabier"]
[Black "Besga Lopez, Jose Angel"]
[Result "1-0"]
[WhiteElo "2013"]
[BlackElo "2115"]
[PlyCount "111"]
[EventDate "2015.01.10"]
[EventType "team-tourn"]
[EventRounds "9"]
[EventCountry "ESP"]
[SourceTitle "EXT 2024"]
[Source "ChessBase"]
[SourceDate "2023.10.10"]
[SourceVersion "1"]
[SourceVersionDate "2023.10.10"]
[SourceQuality "1"]

1. e4 e5 2. Nf3 f5 3. Nxe5 Qe7 4. d4 Nf6 5. Be2 d6 6. Nc4 fxe4 7. 0-0 d5 8. Ne5 Nbd7 9. Ng4 Nxg4 10. Bxg4 Nf6 11. Bxc8 Rxc8 12. Bg5 h6 13. Bxf6 Qxf6 14. f3 c5 15. c3 cxd4 16. fxe4 Qg6 17. cxd4 Be7 18. Nc3 dxe4 19. Qe2 Bf6 20. Qb5+ Kf8 21. Qxb7 Re8 22. Rae1 Kg8 23. Qd5+ Kh7 24. Nxe4 Rd8 25. Nxf6+ Qxf6 26. Qe4+ Qg6 27. Rf7 a6 28. Ra7 Rd6 29. d5 Rhd8 30. Qxg6+ Rxg6 31. Re6 Rg5 32. d6 a5 33. h3 Rd5 34. Ree7 Rg5 35. Rad7 Rc8 36. Rc7 Rd8 37. d7 Rd5 38. Kf2 Kg6 39. Ke3 Kf6 40. Re8 R8xd7 41. Rxd7 Rxd7 42. Rb8 Rd5 43. a4 h5 44. Rb5 Rxb5 45. axb5 Ke5 46. b6 Kd6 47. b7 Kc7 48. Kf4 Kxb7 49. Kg5 Kb6 50. Kxh5 Kb5 51. Kg6 Kb4 52. Kxg7 Kb3 53. h4 Kxb2 54. h5 a4 55. h6 a3 56. h7 1-0